000 00667nam a2200229Ia 4500
005 20241216010343.0
008 180423s9999||||xx |||||||||||||| ||und||
020 _a84-206-5251-2
082 _a413.03
_bE92
100 _aESTEBANEZ CALDERON, DEMETRIO
245 0 _a DICCIONARIO DE TERMINOS LITERARIOS
250 _a0
260 _aBARCELONA-ESPAÑA
_bALIANZA EDITORIAL S.A.
_c1996
300 _a1134 pag
_c24 cm
341 _h214.92
490 _v0
_a0
505 _aABREVIATURAS-SIGNOS-AUTORES-FECHAS/TERMINOS LITERARIOS
541 _aC
_bLIB. SAN CRISTOBAL
_d07-Apr-98
_odólar
650 _aLINGUISTICA Y FILOSOFIA
856 _zReferencia
942 _cLIBRO
999 _c12208
_d12208